|
|
|
|
| LEADER |
00000nab a2200000 a 4500 |
| 001 |
vtls011114471 |
| 003 |
SK-MaSNL |
| 005 |
20260303125111.0 |
| 008 |
230218|1965 xo |||||||||||||||||slo| |
| 015 |
|
|
|a SNBRB
|
| 035 |
|
|
|a (uuid)4582c9e8-d84b-4766-9ccc-0938c33ec75c
|
| 035 |
|
|
|a (urnnbn)urn:nbn:sk:snk:ar-a08ixh
|
| 035 |
|
|
|a urn:nbn:sk:snk-ab9l7y
|
| 040 |
|
|
|a SNKBUCL
|b slo
|c SNKBUCL
|e AACR2
|
| 041 |
0 |
|
|a slo
|
| 044 |
|
|
|a xo
|c SK
|
| 100 |
1 |
|
|a Vrzgulová, Marianna,
|d 1937-
|4 aut
|9 201581
|
| 245 |
1 |
0 |
|a ŠTÚDIUM VÝSKYTU A. ACCESSORIA TESTIS V SEMENNÍKU BÝKA
|c M. Vrzgulová, V. Hájovská, J. Jantošovičová
|
| 700 |
1 |
|
|a Hájovská, V.
|4 aut
|9 1143145
|
| 700 |
1 |
|
|a Jantošovičová, Judita,
|d 1934-
|4 aut
|9 196332
|
| 773 |
0 |
|
|t Folia veterinaria
|g Roč. 9, č. 1-2 (1965), s. 165-171
|
| 954 |
|
|
|a odborná, vedecká literatúra pôvodná (slovenská)
|2 lita
|
| 958 |
|
|
|a OND
|
| 958 |
|
|
|a EUIPO
|
| 958 |
|
|
|a article13
|
| 999 |
|
|
|c 1933113
|d 1935043
|